Breaking Free - HSM lyrics - Statistics

General Stats
  • This quiz has been taken 2,563 times
    2,511 since last reset
  • The average score is 146 of 188
Answer Stats
Answer % Correct
a
99%
we
99%
flying
98%
so
98%
the
98%
breaking
97%
can
97%
free
97%
in
97%
that
97%
we're
97%
not
96%
there's
96%
can't
95%
heaven
95%
star
95%
reach
94%
soaring
94%
trying
91%
if
88%
see
88%
us
88%
are
87%
you
87%
be
86%
who
84%
different
83%
world
83%
know
80%
way
80%
that's
79%
between
77%
to
77%
than
76%
space
74%
oh
73%
me
70%
creating
69%
it
69%
feel
65%
believe
61%
but
60%
hearts
59%
more
59%
'till
56%
and
55%
ocean
55%
faith
54%
just
54%
strength
54%
control
53%
like
53%
gives
52%
very
52%
feeling
51%
is
51%
your
51%
one
50%
separate
50%
by
49%
our
49%
this
49%
wave
49%
every
47%
building
45%
connected
45%
of
45%
place
45%
all
44%
coming
43%
from
42%
hope
42%
together
42%
up
42%
get
41%
both
39%
true
39%
souls
38%
rising
37%
climbing
36%
need
36%
running
36%
want
36%
time
35%
lifts
34%
fate
32%
now's
29%
No matching quizzes found
Score Distribution
Percent of People with Each Score
Percentile by Number Answered
Your Score History
You have not taken this quiz since the last reset